| 000 | 01948nam0a2200337 4500 | ||
|---|---|---|---|
| 001 | RU\NLR\bibl\1012566 | ||
| 005 | 20260405142819.0 | ||
| 021 |
_aRU _b2006-64060 _93201 |
||
| 035 | _a(NLR Aleph) 001000190 | ||
| 090 |
_a573724 _c573724 |
||
| 100 | _a20061123d2005 |||y0rusy50 ca | ||
| 101 | 0 | _arus | |
| 102 | _aRU | ||
| 105 | _aa ||||||||| | ||
| 200 | 1 |
_aОценка продуктивности горизонтальных газовых скважин на режиме стационарной фильтрации _eобзорная информация _fА.С. Малых. А.А. Соколов _gОАО "Газпром", Информ.-реклам. центр газ. пром-сти (ООО "ИРЦ Газпром") |
|
| 210 |
_aМосква _cИРЦ Газпром _d2005 |
||
| 215 |
_a87 с. _cил. _d21 |
||
| 225 | 1 | _aСерия: Разработка и эксплуатация газовых и газоконденсатных месторождений | |
| 311 | _aПрил. к журн. "Наука и техника в газовой промышленности" | ||
| 320 | _aБиблиогр.: с. 83-85 (24 назв.) | ||
| 422 | 0 |
_12001#$aНаука и техника в газовой промышленности _tНаука и техника в газовой промышленности |
|
| 606 | 1 |
_aГазоносные пласты _xФильтрация _91369311 _3RU\NLR\auth\66259577 |
|
| 606 | 1 |
_aГазовые скважины горизонтальные _xПроизводительность _92098402 _3RU\NLR\auth\661269398 |
|
| 686 | _aИ362-116 | ||
| 700 | 1 |
_aМалых _bА. С. _gАркадий Степанович _4070 |
|
| 701 | 1 |
_4070 _7ca _8rus _aСоколов _bА. А. _cканд. техн. наук _gАлексей Анатольевич _941575 _3RU\NLR\auth\7758643 |
|
| 801 | 0 |
_aRU _bNLR _c20061123 _grcr |
|
| 801 | 1 |
_aRU _bNLR _c20061123 |
|
| 942 | _cBOOK | ||
| 980 | _aNB | ||